| 000 | 00332nam a22001337a 4500 | ||
|---|---|---|---|
| 020 | _qPB. | ||
| 040 | _cFIZZA ISHAQ | ||
| 082 |
_a730.92 _bRIC |
||
| 100 |
_aSERRA,RICHARD. _991672 |
||
| 245 |
_aCONVERSATION ABOUT SCULPTURE / _cRICHARD SERRA. |
||
| 260 |
_aNEW YORK ; _bMC GRAW HILL, _c2018. |
||
| 300 | _a266 P. ; | ||
| 942 |
_2ddc _cBK |
||
| 999 |
_c589819 _d589819 |
||